000 00545nam a2200193Ia 4500
003 OSt
005 20200819103218.0
008 190216s9999||||xx |||||||||||||| ||und||
020 _a9780195669022
040 _coclc
082 _a541.3
_bATK/P
100 _aAtkins, Peter
_94151
245 0 _aPhysical Chemistry /
_cPeter Atkins ; Julio De Paula
250 _a7th Ed.
260 _bOxford University Press,
_c2002.
_aNew York:
300 _a1149p
650 _aChemistry
942 _cBK
_2ddc
_h541.3
_iATK/P
_k541.3
_mATK/P
999 _c3004
_d3004